000 01060nam a2200313 i 4500
001 18347
003 ES-MaACL
005 20230906151822.0
007 t|
008 011023s2001 sp ||||1| spa d
020 _a84-7651-937-0
080 _a613.88(038)
080 _a159.942.2(038)
080 _a392.4/6(038)
100 1 _aCamphausen, Rufus C.
_934165
245 1 0 _aDiccionario de la sexualidad sagrada
_b: desde los afrodisíacos y el éxtasis hasta el culto al yoni y el yoga Zap-lam /
_cRufus C. Camphausen ; traducción de Borja Folch.
260 _aPalma de Mallorca :
_bOlañeta,
_c[2001]
300 _a412 p., [48] p. de lám. :
_bil. ;
_c24 cm.
490 1 _aAlejandría
500 _aIndices.
504 _aBibliografía: p. 403-412.
650 1 4 _aSexualidad-
_vDiccionarios.
_917082
650 1 4 _aErotismo-
_xDiccionarios.
_912346
650 1 4 _aCostumbres sexuales-
_vDiccionarios.
_911398
700 1 _aFolch, Borja.
_951437
830 0 _aAlejandría
_9182646
852 _aES-MaACL
_jL-25021
_bR.130460
999 _c18347
_d18347